Statistics for 20 Most Popular Video Games 2021

Click here to take the quiz!

General Stats

  • This quiz has been taken 305 times
  • The average score is 3 of 20

Answer Stats

#Game% Correct
12Minecraft
88%
11Fortnite
84%
13Roblox
42%
18League of Legends
26%
15GTA V
21%
17Rocket League
19%
1Call of Duty: Modern Warfare
12%
2NBA 2K20
5%
19The Legend of Zelda: Breath of the Wild
4%
10Mario Kart 8 Deluxe
3%
14Super Mario Odyssey
3%
7Super Smash Bros Ultimate
3%
4Borderlands 3
2%
20Call of Duty Black Ops 4
2%
3Madden NFL 20
2%
5Mortal Kombat 11
2%
6Star Wars Jedi: Fallen Order
1%
9Tom Clancy's The Division 2
1%
8Kingdom Hearts III
0%
16Marvel's Spider Man
0%

Score Distribution

Percentile by Number Answered

Percent of People with Each Score

Your Score History

You have not taken this quiz